000 00328nam a2200121Ia 4500
008 240731s9999 xx 000 0 und d
022 _a2168-3778
245 0 _aStrategies : A Journal for Physical and Sport Educators
260 _bRoutledge
856 _uhttps://www.tandfonline.com/loi/ustr20
942 _2ddc
942 _cTFEJ
999 _c79562
_d79562
945 _a1
_bMadushi Gamage
_c1
_dMadushi Gamage